| 000 | 00332nam a2200133Ia 4500 | ||
|---|---|---|---|
| 005 | 20251222144732.0 | ||
| 008 | 251222s9999||||xx |||||||||||||| ||spa|| | ||
| 020 | _a88-6008-106-8 | ||
| 082 | _a458.04/P78 | ||
| 100 | _aPorcelli, Gianfranco | ||
| 245 | 0 | _aMultimedialità e Insegnamenti Linguistici: | |
| 264 | _bUTET | ||
| 942 | _cLIB | ||
| 999 |
_c18643 _d18643 |
||